El principito / (Registro nro. 14932)

Detalles MARC
000 -LIDER
fixed length control field 01033nam a22003017a 4500
003 - IDENTIFICACDOR DE NÚMERO DE CONTROL
control field DO-SdBPM
005 - DATE AND TIME OF LATEST TRANSACTION
control field 20250206085741.0
008 - ELEMENTOS DE LONGITUD FIJA
fixed length control field 160705b2008 sp a 00| 0 spa d
020 ## - ISBN
International Standard Book Number 978849886296
040 ## - FUENTE DE CATALOGACIÓN
Agencia que crea de manera original el registro DO-SdBPM
Idioma de catalogación spa
Agencia que realiza la transcripción BPMSU
082 #4 - NÚMERO DE CLASIFICACIÓN DECIMAL DE DEWEY
Classification number 843.91
Item number S132pr 1953
Edition number 22
100 1# - ASIENTO PRINCIPAL -- NOMBRE PERSONAL
Nombre personal Saint-Exupêry, Antoine de,
Fechas asociadas con el nombre 1900-1944
245 13 - MENCIÓN DE TITULO
Título El principito /
Mención de responsabilidad Antoine de Saint-Exupêry.
260 0# - PUBLICACIÓN, DISTRIBUCIÓN, ETC. (PIE DE IMPRENTA)
Lugar de publicación, distribución, etc Barcelona, España :
Nombre del editor, distribuidor, etc. Ediciones Salamandra.
Fecha de publicación, distribución, etc 1953
300 ## - DESCRIPCIÓN FÍSICA
Extensión 93 p. ;
Dimensiones 23 cm.
490 0# - MENCIÓN DE SERIES
Mención de serie Salamandra
500 ## - NOTA GENERAL
Nota general Con las acuarelas originales del autor
500 ## - NOTA GENERAL
Nota general Incluye datos biográficos del autor en la solapa del forro
500 ## - NOTA GENERAL
Nota general presentación en tapa dura
590 ## - NOTA LOCAL
Texto de la nota local Inventariado, 2025/VM
650 #4 - ENCABEZAMIENTO DE MATERIA--TEMÁTICO
Término temático o nombre geográfico como elemento de entrada Cuentos juveniles franceses
650 #4 - ENCABEZAMIENTO DE MATERIA--TEMÁTICO
Término temático o nombre geográfico como elemento de entrada Literatura juvenil francesa
650 #4 - ENCABEZAMIENTO DE MATERIA--TEMÁTICO
Término temático o nombre geográfico como elemento de entrada Amistad
Subdivisión de forma Cuentos juveniles
650 #4 - ENCABEZAMIENTO DE MATERIA--TEMÁTICO
Término temático o nombre geográfico como elemento de entrada Valores (Filosofía)
Subdivisión de forma Cuentos infantiles.
700 1# - ASIENTO SECUNDARIO -- NOMBRE PERSONAL
Nombre personal Carril, Bonifacio del
Mención de responsabilidad traductor
910 ## - VALIDACIÓN
Validación VMateo V. Control de calidad. BPMSU
942 ## - ADDED ENTRY ELEMENTS (KOHA)
Source of classification or shelving scheme Dewey Decimal Classification
Koha item type Libros
Existencias
Withdrawn status Lost status Source of classification or shelving scheme Damaged status Not for loan Collection code Home library Current library Date acquired Source of acquisition Total Checkouts Full call number Barcode Date last seen Price effective from Koha item type
    Dewey Decimal Classification     Colección Juvenil General Biblioteca Pública Metropolitana Salomé Ureña Biblioteca Pública Metropolitana Salomé Ureña 02/06/2025 FUNDI   BPMSU CJG 843.91 S132pr 1953 BPMSU25020009 02/06/2025 02/06/2025 Libros